Zvýšte hodnotu svojej SAP investície - využívajte dáta naplno

Riešenia SAP v oblasti výroby a nástroje, ktoré držia ochrannú ruku nad procesmi a zároveň dohliadajú na všetko dôležité v biznise. Technológie Business Discovery a ich efektívne využitie.

Saved in:
Bibliographic Details
Main Author: Javorka, Ondrej
Format: Book Chapter
Language:Slovak
Subjects:
Tags: Add Tag
No Tags, Be the first to tag this record!

MARC

LEADER 00000naa a2200000 4500
001 0192303
005 20231011123537.8
041 0 |a slo 
044 |a SK 
245 1 0 |a Zvýšte hodnotu svojej SAP investície - využívajte dáta naplno  |c Ondrej Javorka 
520 |a Riešenia SAP v oblasti výroby a nástroje, ktoré držia ochrannú ruku nad procesmi a zároveň dohliadajú na všetko dôležité v biznise. Technológie Business Discovery a ich efektívne využitie. 
610 2 0 |a systémy informačné organizácií 
610 2 0 |a dáta 
610 2 0 |a informatika ekonomická 
610 2 0 |a technológie informačné 
610 2 0 |a technológie komunikačné 
100 1 |a Javorka, Ondrej